Fisionomía del idioma español, sus características comparadas con las del francés, italiano, portugués, inglés y alemán / (Record no. 50019)

MARC details
000 -LEADER
campo de control de longitud fija 00510nam a2200145 i 4500
001 - NÚMERO DE CONTROL
campo de control 50019
003 - IDENTIFICADOR DE NÚMERO DE CONTROL
campo de control ES-MaACL
007 - CAMPO FIJO DE DESCRIPCIÓN FÍSICA--INFORMACIÓN GENERAL
campo de control de longitud fija t|
008 - DATOS DE LONGITUD FIJA--INFORMACIÓN GENERAL
campo de control de longitud fija 030728s1954 sp ||||1| spa d
100 1# - ENTRADA PRINCIPAL--NOMBRE DE PERSONA
Nombre de persona Criado de Val, Manuel.
9 (RLIN) 41605
245 10 - MENCIÓN DEL TÍTULO
Título Fisionomía del idioma español, sus características comparadas con las del francés, italiano, portugués, inglés y alemán /
Mención de responsabilidad, etc. M. Criado de Val.
260 ## - PUBLICACIÓN, DISTRIBUCIÓN, ETC.
Lugar de publicación, distribución, etc. Madrid :
Nombre del editor, distribuidor, etc. Aguilar,
Fecha de publicación, distribución, etc. [1954] (
Fabricante Ograma)
300 ## - DESCRIPCIÓN FÍSICA
Extensión XV, 256 p. ;
Dimensiones 22 cm.
852 ## - LOCALIZACIÓN
Ubicación ES-MaACL
Número de control de estantería C-7282
Sublocalización o colección R.36025
Holdings
Estatus retirado Estado de pérdida Estado de daño No para préstamo Biblioteca de origen Biblioteca actual Ubicación en estantería Fecha de adquisición Fuente de adquisición Total de préstamos Signatura topográfica completa Código de barras Visto por última vez Precio de reemplazo Tipo de ítem Koha
        Biblioteca del Ateneo de Madrid Biblioteca del Ateneo de Madrid Sala Palomar 17/01/2008     C-7282 1052621 23/02/2023 23/02/2023 Libro impreso